Ngôn ngữ đối thoại của nhân vật trong một số tác phẩm của Hồ Biểu Chánh Luận văn tốt nghiệp Đại học Sư phạm văn Khóa 20

Saved in:
Bibliographic Details
Main Author: Lê Minh Trường
Format: Book
Language:Undetermined
Published: Cần Thơ Trường Đại học Cần Thơ, Khoa Sư phạm, Bộ môn Ngữ văn 1998
Subjects:
Tags: Add Tag
No Tags, Be the first to tag this record!
Institutions: Trung tâm Học liệu Trường Đại học Cần Thơ
LEADER 00777nam a2200193Ia 4500
001 CTU_23115
008 210402s9999 xx 000 0 und d
082 |a 808.3 
082 |b Tr561/1998 
100 |a Lê Minh Trường 
245 0 |a Ngôn ngữ đối thoại của nhân vật trong một số tác phẩm của Hồ Biểu Chánh 
245 0 |b Luận văn tốt nghiệp Đại học Sư phạm văn Khóa 20 
245 0 |c Lê Minh Trường 
260 |a Cần Thơ 
260 |b Trường Đại học Cần Thơ, Khoa Sư phạm, Bộ môn Ngữ văn 
260 |c 1998 
650 |a fictions, theory of 
904 |i Nguyễn Quang Điền, 980725 
980 |a Trung tâm Học liệu Trường Đại học Cần Thơ